000 00611nam a2200241 a 4500
001 0001-1148
003 ELIB.Books
008 150505 2010 eng
020 _a2825405825
035 _a(ELIB.Books)0001-1303
092 _a280.042
_bPot
100 _aPotter, Philip
245 _aWhat in the World is the World Council of Churches?
260 _aGeneva
_bWCC
_c1983
300 _a90
_c21 Cm
500 _alibrary
650 _aEcumenical Movement
856 _nKBTS: Library
_uKBTS: Elib
942 _2ddc
_cBK
990 _a1
998 _cbat
_e2015-05-05
999 _c11148
_d11148